ბათუმის შოთა რუსთაველის სახელმწიფო უნივერსიტეტის ბიბლიოთეკა

ფალავანთფალავანი : (ბიბ.ჩანაწერი № 34701)

000 -ლიდერი
ფიქსირებული სიგრძის საკონტროლო ველი 01462nam a2200277Ia 4500
001 - საკონტროლო ნომერი
საკონტროლო ველი 487
003 - საკონტროლო ნომრის იდენტიფიკატორი
საკონტროლო ველი GE_BSU
005 - ბოლო ოპერაციის თარიღი და დრო
საკონტროლო ველი 20200128170857.0
008 - ფიქსირებული სიგრძის მონაცემთა ელემენტები - ზოგადი ინფორმაცია
ფიქსირებული სიგრძის საკონტროლო ველი 181216s2006||||ge |||||||||||||| ||geo||
020 ## - წიგნის საერთაშორისო სტანდარტული ნომერი
International Standard Book Number 9994065556
040 ## - კატალოგიზაციის წყარო
Transcribing agency GE_BSU
041 ## - ენის კოდი
Language code of text/sound track or separate title geo
080 ## - უნივერსალური ათობითი კლასიფიკაციის ინდექსი
Universal Decimal Classification number 796.8 ფ-19
245 ## - ცნობა სათაურის შესახებ
Title ფალავანთფალავანი :
Remainder of title გივი კარტოზია /
Statement of responsibility, etc იდეის ავტ.: გურამ ბექაია, ჯიმი ხეცურიანი ; პროექტის ავტ.: მანანა კარტოზია ; ფოტ.: მიხეილ ზარგარიანი და სხვ. ; წინათქმა: ნუგზარ შატაიძე].
264 ## - წარმოების, გამოცემის, დისტრიბუციის და სხვა ცნობები
გამოცემის, წარმოების, დისტრიბუციის... ადგილი თბილისი :
გამოცემის, წარმოების, დისტრიბუციის... სახელწოდება ისინდი,
გამოცემის, წარმოების, დისტრიბუციის... თარიღი 2006.
300 ## - ფიზიკური აღწერა
Extent 264 გვ.
Other physical details 24სმ.
500 ## - ზოგადი შენიშვნა
General note გარეკანზე სათ.: გივი კარტოზია.
600 ## - SUBJECT ADDED ENTRY--PERSONAL NAME
Personal name კარტოზია გივი
9 (RLIN) 6457
653 ## - INDEX TERM--UNCONTROLLED
Uncontrolled term ქართველი მოჭიდავეები
653 ## - INDEX TERM--UNCONTROLLED
Uncontrolled term ბერძნულ-რომაული ჭიდაობა
700 ## - ADDED ENTRY--PERSONAL NAME
Personal name ბექაია, გურამ
Relator term ავტორი
9 (RLIN) 1690
700 ## - ADDED ENTRY--PERSONAL NAME
Personal name ხეცურიანი, ჯიმი
Relator term ავტორი
9 (RLIN) 6458
700 ## - ADDED ENTRY--PERSONAL NAME
Personal name ზარგარიანი, მიხეილ და სხვ.
Relator term ავტორი
9 (RLIN) 6459
942 ## - ADDED ENTRY ELEMENTS (KOHA)
Koha item type წიგნი
Source of classification or shelving scheme
ეგზემპლარები
ჩამოწერის სტატუსი დაკარგული ეგზემპლარის სტატუსი კლასიფიკაციის წყარო ან თაროზე გაწყობის სქემა დაზიანების სტატუსი არ გაიცემა მუდმივი მდებარეობა (დაცვის ადგილი) ამჟამინდელი ადგილსამყოფელი თაროზე განთავსების ადგილი შეძენის თარიღი ღირებულება, შესყიდვის ნორმალური ფასი სრული შენახვის შიფრი შტრიხკოდი ბოლო ოპერაციის თარიღი ეგზემპლარის მიმდევრობითი ნომერი (კეტერი?) ფასის ძალაში შესვლის თარიღი ეგზემპლარის სახეობა საჯარო შენიშვნა
          ბათუმის შოთა რუსთაველის სახელმწიფო უნივერსიტეტის მთავარი ბიბლიოთეკა ბათუმის შოთა რუსთაველის სახელმწიფო უნივერსიტეტის მთავარი ბიბლიოთეკა წიგნსაცავი 2018-12-17 20.00 796.8 ფ-19 346 2018-12-17 346 2018-12-17 წიგნი 20 ლ.